00833 a2200253 4500003000500000005001700005020002400022020002400046040000900070082001000079100001600089245009000105250003900195260003100234300001100265505010300276538003300379650001000412650001000422651001300432942001200445999001900457952010300476Nust20170207154048.0 a0-415-28524-0 (hbk) a0-415-28525-9 (pbk) cNust04a297.51 aAkbar Ahmed10aDiscovering islam (E-Book)bmaking sense of muslim history and society /cAkbar Ahmed aRevised edition 2002. Reprint 2003 aLondon:bRoutledge ,c2003 a251 p. aPart One :The Pattern of Islamic History (Page-15) Part Two: Contemporary Muslim Society(Page-143) aAlmirah No.37 and Shelf No.6 7aIslam 7aIslam a(E-Book) 2ddccBK c193010d193010 00102ddc40708NFICaMCSbMCSd2016-12-12l0o297.5 AHMpMCSEB-2597r2016-12-08w2016-12-12yBK